| 000 | 00958cam a2200205La 4500 | ||
|---|---|---|---|
| 082 |
_a520 _bBAL |
||
| 100 | 1 | _aBall, Robert S. | |
| 245 | 1 | 0 |
_aGreat astronomers _cby Robert S. Ball. |
| 260 |
_aLondon : _bG. Bell, _c1895. |
||
| 300 |
_a1 online resource (xii, 372 p.) : _bill., ports., plans. |
||
| 490 | 1 | _aNineteenth Century Collections Online (NCCO): Science, Technology, and Medicine: 1780-1925 | |
| 500 | _aReproduction of the original from the Huntington Library. | ||
| 505 | 0 | _aPtolemy -- Copernicus -- Tycho Brahe -- Galileo --Kepler -- Isaac Newton -- Flamsteed -- Halley --Bradley -- William Herschel -- Laplace -- Brinkley --John Herschel -- The Earl of Rosse -- Airy -- Hamilton -- Le Verrier -- Adams. | |
| 526 |
_a0 _b0 _c0 _d520_000000000000000_BAL |
||
| 650 | 0 |
_aAstronomers _926684 |
|
| 650 | 0 |
_aAstronomy _xHistory. _939534 |
|
| 650 | 0 |
_aMCE _9379 |
|
| 856 | 4 | 0 | _uhttp://www.columbia.edu/cgi-bin/cul/resolve?clio10760435 |
| 942 |
_2ddc _cBK |
||
| 999 |
_c552824 _d552824 |
||